| 000 | 00741cam a2200241 a 4500 | ||
|---|---|---|---|
| 001 | 000009441 | ||
| 005 | 20200929161609.0 | ||
| 008 | 750114s1968 mx 001 f spa | ||
| 035 | _a(OCoLC)1140035 | ||
| 040 |
_aDO-SdBNP _cOAU _dNcRS _dBNPHU |
||
| 042 | _apremarc | ||
| 082 |
_aM863.44 _bT187u |
||
| 100 | 1 |
_aTario, Francisco, _d1911- _924241 |
|
| 245 | 1 | 4 |
_aUna violeta de más : _bcuentos fantáticos / _cFrancisco Tario. |
| 260 |
_aMéxico : _bJoaquín Mortiz, _c1968. |
||
| 300 |
_a199 p. ; _c20 cm. |
||
| 490 | 1 | _aNueva Narrativa hispánica | |
| 650 | 4 |
_aCuentos mexicanos _911371 |
|
| 650 | 4 |
_aLiteratura mexicana _91922 |
|
| 830 | 0 |
_aNueva Narrativa hispánica ; _922001 |
|
| 910 | _aCatalogación por copia / LC | ||
| 049 | _aBNGR | ||
| 999 |
_c9201 _d9201 |
||